000 00299nam a22001337a 4500
008 171012b xxu||||| |||| 00| 0 eng d
020 _a0816615802
041 _aeng
080 _a316
100 _a50
101 _aSOC
245 _aTHEORY AND PRACTICE OF SOCIORITICISM
_cLINK,J
942 _2udc
_cBK
999 _c33354
_d33354